Specifications for Building Conservation (Record no. 115754)

MARC details
000 -LEADER
fixed length control field 00980cam a22002535a 4500
001 - CONTROL NUMBER
control field L159233
008 - FIXED-LENGTH DATA ELEMENTS--GENERAL INFORMATION
fixed length control field 160321s2016 xxk f 000 0 eng d
020 ## - INTERNATIONAL STANDARD BOOK NUMBER
International Standard Book Number 9781873394809
035 ## - SYSTEM CONTROL NUMBER
System control number (Sirsi) u159233
041 0# - LANGUAGE CODE
Language code of text/sound track or separate title eng
050 04 - LIBRARY OF CONGRESS CALL NUMBER
Classification number 690.241
110 2# - MAIN ENTRY--CORPORATE NAME
Corporate name or jurisdiction name as entry element National Trust
9 (RLIN) 1987
245 00 - TITLE STATEMENT
Title Specifications for Building Conservation
Remainder of title Volume 1 External Structure
260 ## - PUBLICATION, DISTRIBUTION, ETC.
Place of publication, distribution, etc. Arbington
Name of publisher, distributor, etc. Routledge
Date of publication, distribution, etc. 2016
300 ## - PHYSICAL DESCRIPTION
Extent xvi, 204p, 24cm
520 ## - SUMMARY, ETC.
Summary, etc. Information gathered from a range of case studies and specifications to provide a guide to specification writing for building conservation. One of a three volume set, the National Trust brings together a pool of expertise to guide conservation professional and students through the process of successful specification writing.
590 ## - LOCAL NOTE (RLIN)
Local note KA
651 #4 - SUBJECT ADDED ENTRY--GEOGRAPHIC NAME
Geographic name United Kingdom
690 ## - LOCAL SUBJECT ADDED ENTRY--TOPICAL TERM (OCLC, RLIN)
Topical term or geographic name as entry element Conservation and restoration
690 ## - LOCAL SUBJECT ADDED ENTRY--TOPICAL TERM (OCLC, RLIN)
Topical term or geographic name as entry element Building control
9 (RLIN) 6222
700 1# - ADDED ENTRY--PERSONAL NAME
Personal name Cullen, R
700 1# - ADDED ENTRY--PERSONAL NAME
Personal name Meier, R
942 ## - ADDED ENTRY ELEMENTS (KOHA)
Suppress in OPAC 0
Holdings
Withdrawn status Lost status Source of classification or shelving scheme Damaged status Not for loan Home library Current library Shelving location Date acquired Total Checkouts Full call number Barcode Date last seen Copy number Price effective from Koha item type
    Dewey Decimal Classification     London London Books 21/03/2016   690.241 30075285 06/08/2019 1 06/08/2019 Book